000 00533nam a2200181 i 4500
001 116212
003 ES-MaACL
005 20240625104246.0
007 t|
008 061121s1918 sp |||| | spa d
100 1 _aOry, Eduardo de.
_987707
245 1 0 _aAmado Nervo
_b: (estudio crítico) /
_cEduardo de Ory.
260 _aCádiz :
_bAntonio López,
_c1918.
300 _a94 p. ;
_c18 cm.
600 1 7 _aNervo, Amado,
_d1870-1919-
_xCrítica e interpretación
_2
_9170562
852 _aES-MaACL
_jD-2414
999 _c116212
_d116212